• 首页
  • 本馆介绍
  • 公告通知
  • 最新文献
  • 馆藏检索
  • 电子资源
  • 读者导购
  • 参考咨询
  • 我的图书馆
  • 登录
  • 详细信息显示
  • 放入我的书架
  • 预约/预借图书
  • 作者相关作品
  • 分类相关作品
  • 丛书相关作品
  • 出版社相关作品

书目信息

  • 表格格式
  • 工作单格式
  • 卡片格式
题名:
现代数字电路与系统设计
    
 
作者: 江国强 编著
分册:  
出版信息: 北京   电子工业出版社  2017.7
页数: 248页
开本: 26cm
丛书名:
单 册:
中图分类: TN79 , TP271
科图分类:
主题词: 数字电路 , 数字系统--系统设计
电子资源:
ISBN: 978-7-121-31571-8
000 00977nam0 2200265 450
001 0400001931
005 20171019200818.0
010    @a978-7-121-31571-8@dCNY49.90
100    @a20170905e2017 em y0chiy50 ea
101 0  @achi
102    @aCN@b110000
105    @ay az 000yy
106    @ar
200 1  @a现代数字电路与系统设计@9xian dai shu zi dian lu yu xi tong she ji@f江国强编著
210    @a北京@c电子工业出版社@d2017.7
215    @a248页@d26cm
320    @a有书目(第248页)
330    @a本书共8章,包括Verilog HDL、门电路的设计、组合逻辑电路的设计、触发器的设计、时序逻辑电路的设计、存储器的设计、常用EDA软件。数字电路及系统设计都是基于Verilog HDL完成的,每个设计都经过了电子设计自动化(EDA)软件的编译和仿真,或经过EDA试验开发系统平台的验证,确保无误。
606 0  @a数字电路
606 0  @a数字系统@x系统设计
690    @aTN79@v5
690    @aTP271@v5
701  0 @a江国强@9jiang guo qiang@4编著
801  0 @aCN@b91MARC@c20171019
905    @b1026011-5@dTN79@f5@e85
    
    现代数字电路与系统设计/江国强编著.-北京:电子工业出版社,2017.7
    248页;26cm
    
    
    ISBN 978-7-121-31571-8:CNY49.90
    本书共8章,包括Verilog HDL、门电路的设计、组合逻辑电路的设计、触发器的设计、时序逻辑电路的设计、存储器的设计、常用EDA软件。数字电路及系统设计都是基于Verilog HDL完成的,每个设计都经过了电子设计自动化(EDA)软件的编译和仿真,或经过EDA试验开发系统平台的验证,确保无误。
●
相关链接 在E读中查询图书 在五车中查询图书 在当当中查询图书 在豆瓣中查询图书


正题名:现代数字电路与系统设计     索取号:TN79/85         预约/预借

序号 登录号 条形码 馆藏地/架位号 状态 备注
1 1026011   210260117   第二样本阅览室/ [索取号:TN79/85] 在馆    
2 1026012   210260126   第三借阅区/ [索取号:TN79/85] 在馆    
3 1026013   210260135   第三借阅区/ [索取号:TN79/85] 在馆    
4 1026014   210260144   密集书库-物理学院/ [索取号:TN79/85] 在馆    
5 1026015   210260153   第三借阅区/ [索取号:TN79/85] 在馆    
唐山师范学院图书馆 欢迎您!
大连网信软件有限公司© 版权所有